000 01086nam0a22002651 4500
001 v19\rc\1225071
005 20260407113216.0
035 _a(NLR Aleph) 004386608
090 _a3696775
_c3696775
100 _a20060306d1878 |||y0rusy50 ca
101 0 _arus
102 _aRU
105 _ay z |||||
200 1 _a[Записка о выкупе крестьян мелкопоместных имений]
_eПриложение...
210 _a[Санкт-Петербург
_d1878]
215 _a8 с.
300 _aНа 1-й с. текста загл.: "Приложение к записке о выкупе крестьян мелкопоместных имений"
309 _aБез тит. л. и обл.
540 1 3 _aЗаписка о выкупе крестьян мелкопоместных имений
710 0 1 _aРоссия
_bМинистерство государственных имуществ
_3RU\NLR\AUTH\889942724
_9380460
801 0 _aRU
_bNLR
_gpsbo
801 1 _aRU
_bProSoft-M
_2rusmarc
852 _aNLR
_j18.129.1.157
942 _cBOOK
980 _aNB